Biggest NBA Draft Busts - Statistics

General Stats
  • This quiz has been taken 28 times
  • The average score is 6 of 12
Answer Stats
Year Pick Team Answer % Correct
2007 1 Portland Trailblazers Greg Oden
77%
2020 2 Golden State Warriors James Wiseman
77%
2013 1 Cleveland Cavaliers Anthony Bennett
73%
2001 1 Washington Wizards Kwame Brown
65%
2003 2 Detroit Pistons Darko Miličić
62%
1998 1 Los Angeles Clippers Michael Olowokandi
54%
2006 1 Toronto Raptors Andrea Bargnani
50%
2018 2 Sacramento Kings Marvin Bagley III
46%
2009 2 Memphis Grizzlies Hasheem Thabeet
38%
2006 3 Charlotte Bobcats Adam Morrison
31%
2011 2 Minnesota Timberwolves Derrick Williams
19%
2012 2 Charlotte Bobcats Michael Kidd-Gilchrist
19%
No matching quizzes found
Score Distribution
Percent of People with Each Score
Percentile by Number Answered
Your Score History
You have not taken this quiz